Geografia divertida (Registo nº 4400)

Detalhes MARC
000 -Etiqueta do registo
Cabeçalho 01399nam a2200325 4500
005 - Identificador da versão
Campo de controlo 20240813122100.0
010 ## - Número internacional normalizado dos livros (ISBN)
Número (ISBN) 9728629370
100 ## - Dados gerais de processamento
Dados gerais de processamento 20040528d2003 cd y0pory5003 ba
102 ## - Pais de publicação ou produção
País de publicação Portugal
101 1# - Língua de publicação
Língua do texto, banda sonora, etc. Português
Língua do documento no original Inglês
215 ## - Descrição física 
Indicação específica da natureza do documento e extensão da espécie 7 vols
Outras indicações físicas il.
Material acompanhante 1 disco óptico(CD-ROM)
200 1# - Titulo e menção de responsabilidade
Título próprio Geografia divertida
Primeira menção de responsabilidade Pam Robson
210 ## - Publicação, Distribuição, etc. 
Lugar da edição, distribuição, etc. Queluz
Nome do editor, distribuidor, etc. Sistema J
Data da publicação, distribuição, etc. 2003
327 0# - Nota de conteúdo 
Texto da nota Contém: [Vol. 1] - Pessoas e lugares
-- [Vol. 2] - Rios e mares
-- [Vol. 3] - As montanhas e a terra que se mexe
-- [Vol. 4] - Ecossistemas
-- [Vol. 5] - Portugal / Cristina Leão, Elsa de Barros, Madalena Mota
-- [Vol 6] - Mapas e planos
-- [Vol 7] - Alimentação e agricultura
-- Os sismos e a gestão da emergência [ documento electrónico]: Lisboa / Isabel Pais, Paula Teves Costa, Carlos Sousa Oliveira, João Themudo Cabral. - 2ª ed. - Dados electrónicos. - Queluz: Sistema J, 2003. - 1 disco óptico (CD-ROM); 12 cm.
500 10 - Título Uniforme
Título uniforme Pessoas e lugares
Título uniforme Rios e mares
Título uniforme <As >montanhas e a terra que se mexe
Título uniforme Ecossistemas
Título uniforme Portugal
Título uniforme Mapas e Planos
Título uniforme Alimentação e Agricultura
Título uniforme <Os >sismos e a gestão da emergência
675 ## - Classificação Decimal Universal (CDU)
Notação 373.3/.5:91/94
Edição BN
Língua da edição por
Notação 91/94:373.3/.5
Edição BN
Língua da edição por
700 #1 - Nome de autor-pessoa física (responsabilidade principal)
Número de registo de entrada de autoridade 0001225
Palavra de ordem Robson
Outra parte do nome não tomada para palavra de ordem Pam
942 ## - Elementos de entrada adicionados (Koha)
Tipo de item no Koha Livro
Exemplares
Situação do levantamento Origin of item (home branch) (coded) Biblioteca de empréstimo Código de barras Cota Circulation type (not for loan) Tipo de documento Nota do exemplar Damaged status
  Biblioteca Escolar das Vendas Biblioteca Escolar das Vendas BEV897 9GEO ROB   Livro Sem mensagem  
  Biblioteca Escolar das Vendas Biblioteca Escolar das Vendas BEV898 9GEO ROB   Livro Sem mensagem  
  Biblioteca Escolar das Vendas Biblioteca Escolar das Vendas BEV899 9GEO ROB   Livro Sem mensagem  
  Biblioteca Escolar das Vendas Biblioteca Escolar das Vendas BEV900 9GEO ROB   Livro Sem mensagem  
  Biblioteca Escolar das Vendas Biblioteca Escolar das Vendas BEV901 9GEO ROB   Livro Sem mensagem  
  Biblioteca Escolar das Vendas Biblioteca Escolar das Vendas BEV902 9GEO ROB   Livro Sem mensagem  
  Biblioteca Escolar das Vendas Biblioteca Escolar das Vendas BEV903 9GEO ROB   Livro Sem mensagem